[Event "7th Iberoamerican-ch 2019"]
[Site "Linares"]
[Date "2019.08.17"]
[Round "8.34"]
[White "Luque Saiz, Andres"]
[Black "Rodriguez Perez, Angel Mariano"]
[Result "1/2-1/2"]
[WhiteElo "2106"]
[BlackElo "2223"]
[Annotator "NA"]
[PlyCount "117"]
[EventDate "2019.08.10"]
[EventType "swiss"]
[EventCountry "ESP"]
[SourceTitle "playchess.com"]
[Source "ChessBase"]
[SourceQuality "1"]
[TimeControl "5400+30"]

1. e4 {[%emt 0:00:00]} c5 {[%emt 0:00:00]} 2. Nf3 {[%emt 0:00:00]} e6 {[%emt 0:00:00]} 3. Nc3 {[%emt 0:00:00]} Nc6 {[%emt 0:00:00]} 4. d4 {[%emt 0:00:31]} cxd4 {[%emt 0:00:00]} 5. Nxd4 {[%emt 0:00:08]} Nf6 {[%emt 0:00:00]} 6. g3 {[%emt 0:01:03]} d5 {[%emt 0:00:07]} 7. exd5 {[%emt 0:05:44]} Nxd5 {[%emt 0:00:17]} 8. Nde2 {[%emt 0:03:41]} Bb4 {[%emt 0:04:37]} 9. Bg2 {[%emt 0:01:25]} Nxc3 {[%emt 0:01:12]} 10. Qxd8+ {[%emt 0:01:32]} Nxd8 {[%emt 0:00:17]} 11. Nxc3 {[%emt 0:00:03]} Bxc3+ {[%emt 0:00:22]} 12. bxc3 {[%emt 0:00:07]} Bd7 {[%emt 0:03:08]} 13. Ba3 {[%emt 0:08:52]} Rc8 {[%emt 0:02:50]} 14. O-O-O {[%emt 0:03:07]} Bc6 {[%emt 0:01:36]} 15. f3 {[%emt 0:03:14]} h5 {[%emt 0:04:34]} 16. Rd3 {[%emt 0:05:05]} h4 {[%emt 0:04:03]} 17. g4 {[%emt 0:00:05]} h3 {[%emt 0:03:06]} 18. Bf1 {[%emt 0:00:05]} e5 {[%emt 0:00:49]} 19. Re3 {[%emt 0:03:22]} f6 {[%emt 0:02:42]} 20. Bd3 {[%emt 0:00:14]} Bd5 {[%emt 0:15:28]} 21. Kb1 {[%emt 0:12:11]} Kf7 {[%emt 0:09:06]} 22. Rd1 {[%emt 0:06:39]} Ne6 {[%emt 0:03:55]} 23. Bf5 {[%emt 0:00:50]} Bc6 {[%emt 0:01:33]} 24. f4 {[%emt 0:11:41]} g6 {[%emt 0:05:01]} 25. Bxe6+ {[%emt 0:00:44]} Kxe6 {[%emt 0:00:16]} 26. fxe5 {[%emt 0:00:40]} fxe5 {[%emt 0:00:37]} 27. Rd6+ {[%emt 0:05:01]} Kf7 {[%emt 0:00:11]} 28. Rxe5 {[%emt 0:00:16]} Rce8 {[%emt 0:00:40]} 29. Rxe8 {[%emt 0:08:09]} Rxe8 {[%emt 0:00:08]} 30. Rd3 {[%emt 0:00:11]} Re1+ {[%emt 0:00:50]} 31. Kb2 {[%emt 0:00:11]} Bg2 {[%emt 0:00:43]} 32. c4 {[%emt 0:02:49]} Kf6 {[%emt 0:02:00]} 33. Kc3 {[%emt 0:01:22]} Kg5 {[%emt 0:00:52]} 34. Bd6 {[%emt 0:01:11]} Kxg4 {[%emt 0:00:37]} 35. Rd4+ {[%emt 0:00:42]} Kf5 {[%emt 0:02:26]} 36. Bg3 {[%emt 0:01:34]} Rf1 {[%emt 0:01:19]} 37. Rd7 {[%emt 0:00:46]} Ke6 {[%emt 0:01:02]} 38. Rd6+ {[%emt 0:00:06]} Kf5 {[%emt 0:00:28]} 39. Rd7 {[%emt 0:00:03]} Kg5 {[%emt 0:01:15]} 40. Rd4 {[%emt 0:00:39]} Bc6 {[%emt 0:01:46]} 41. Rd3 {[%emt 0:02:04]} Be4 {[%emt 0:00:27]} 42. Re3 {[%emt 0:00:28]} Kf5 {[%emt 0:01:00]} 43. Bb8 {[%emt 0:00:54]} Rf2 {[%emt 0:05:09]} 44. Rxh3 {[%emt 0:00:11]} Rxc2+ {[%emt 0:00:34]} 45. Kb3 {[%emt 0:00:09]} a6 {[%emt 0:01:39]} 46. Rc3 {[%emt 0:01:09]} Re2 {[%emt 0:00:47]} 47. a3 {[%emt 0:00:24]} Bc6 {[%emt 0:00:25]} 48. Rd3 {[%emt 0:01:47]} g5 {[%emt 0:00:16]} 49. Kc3 {[%emt 0:00:22]} g4 {[%emt 0:01:12]} 50. Rd2 {[%emt 0:00:43]} Re1 {[%emt 0:01:14]} 51. Rf2+ {[%emt 0:01:04]} Bf3 {[%emt 0:00:18]} 52. Bg3 {[%emt 0:00:18]} Rc1+ {[%emt 0:00:48]} 53. Rc2 {[%emt 0:00:19]} Rb1 {[%emt 0:00:39]} 54. Rb2 {[%emt 0:00:29]} Ra1 {[%emt 0:00:21]} 55. Kb4 {[%emt 0:00:49]} Ke4 {[%emt 0:01:08]} 56. Rb3 {[%emt 0:01:11]} Kd4 {[%emt 0:02:36]} 57. Bf2+ {[%emt 0:00:05]} Ke4 {[%emt 0:00:11]} 58. Bg3 {[%emt 0:00:02]} Kd4 {[%emt 0:01:11]} 59. Bf2+ {[%emt 0:00:06]} 1/2-1/2

[Event "7th Iberoamerican-ch 2019"]
[Site "Linares"]
[Date "2019.08.17"]
[Round "8.35"]
[White "Jimenez Bernal, Francisco"]
[Black "Collado Barbas, Laura"]
[Result "1/2-1/2"]
[WhiteElo "2222"]
[BlackElo "2070"]
[Annotator "NA"]
[PlyCount "80"]
[EventDate "2019.08.10"]
[EventType "swiss"]
[EventCountry "ESP"]
[SourceTitle "playchess.com"]
[Source "ChessBase"]
[SourceQuality "1"]
[TimeControl "5400+30"]

1. d4 {[%emt 0:00:00]} d5 {[%emt 0:00:00]} 2. c4 {[%emt 0:00:00]} e6 {[%emt 0:00:00]} 3. Nc3 {[%emt 0:00:00]} c6 {[%emt 0:00:00]} 4. e4 {[%emt 0:01:04]} dxe4 {[%emt 0:00:18]} 5. Nxe4 {[%emt 0:00:06]} Bb4+ {[%emt 0:00:07]} 6. Bd2 {[%emt 0:00:14]} Qxd4 {[%emt 0:00:16]} 7. Bxb4 {[%emt 0:00:06]} Qxe4+ {[%emt 0:00:03]} 8. Ne2 {[%emt 0:00:15]} Na6 {[%emt 0:00:32]} 9. Bf8 {[%emt 0:07:01]} Ne7 {[%emt 0:00:18]} 10. Bxg7 {[%emt 0:00:46]} Nb4 {[%emt 0:00:12]} 11. Qd6 {[%emt 0:07:32]} Nc2+ {[%emt 0:10:12]} 12. Kd2 {[%emt 0:00:14]} Nxa1 {[%emt 0:01:27]} 13. Bxh8 {[%emt 0:00:21]} Qc2+ {[%emt 0:08:01]} 14. Ke1 {[%emt 0:00:42]} Qb1+ {[%emt 0:00:51]} 15. Qd1 {[%emt 0:03:55]} Qxa2 {[%emt 0:03:04]} 16. Nc1 {[%emt 0:09:46]} Qa6 {[%emt 0:05:17]} 17. Bd3 {[%emt 0:38:15]} e5 {[%emt 0:04:18]} 18. Bxe5 {[%emt 0:08:08]} Be6 {[%emt 0:02:31]} 19. Bf6 {[%emt 0:01:54]} Rd8 {[%emt 0:16:39]} 20. Qe2 {[%emt 0:01:12]} Qa4 {[%emt 0:04:39]} 21. f4 {[%emt 0:03:39]} Nb3 {[%emt 0:05:07]} 22. Nxb3 {[%emt 0:01:20]} Qxb3 {[%emt 0:00:16]} 23. Bc3 {[%emt 0:00:05]} Bg4 {[%emt 0:04:29]} 24. Bc2 {[%emt 0:01:42]} Qxc3+ {[%emt 0:06:04]} 25. bxc3 {[%emt 0:00:03]} Bxe2 {[%emt 0:00:06]} 26. Kxe2 {[%emt 0:00:05]} h6 {[%emt 0:00:30]} 27. g4 {[%emt 0:00:08]} f6 {[%emt 0:02:40]} 28. Be4 {[%emt 0:02:01]} Kf7 {[%emt 0:02:45]} 29. Rb1 {[%emt 0:01:04]} Rd7 {[%emt 0:00:41]} 30. Ke3 {[%emt 0:00:20]} f5 {[%emt 0:03:22]} 31. Bf3 {[%emt 0:02:54]} Nc8 {[%emt 0:03:37]} 32. c5 {[%emt 0:00:45]} Ne7 {[%emt 0:02:29]} 33. c4 {[%emt 0:00:02]} Kf6 {[%emt 0:04:58]} 34. h3 {[%emt 0:00:02]} Ng6 {[%emt 0:01:06]} 35. gxf5 {[%emt 0:01:41]} Re7+ {[%emt 0:01:12]} 36. Be4 {[%emt 0:05:41]} Nh4 {[%emt 0:00:19]} 37. Rd1 {[%emt 0:01:35]} Nxf5+ {[%emt 0:02:35]} 38. Kf3 {[%emt 0:00:02]} Nh4+ {[%emt 0:01:24]} 39. Ke3 {[%emt 0:00:02]} Nf5+ {[%emt 0:00:45]} 40. Kf3 {[%emt 0:00:05]} Nh4+ {[%emt 0:00:24]} 1/2-1/2

[Event "7th Iberoamerican-ch 2019"]
[Site "Linares"]
[Date "2019.08.17"]
[Round "8.36"]
[White "Martinez-Conde Hernandez, Carlos"]
[Black "Rodriguez Del Cerro, Ricardo"]
[Result "1-0"]
[WhiteElo "2046"]
[BlackElo "2184"]
[Annotator "NA"]
[PlyCount "67"]
[EventDate "2019.08.10"]
[EventType "swiss"]
[EventCountry "ESP"]
[SourceTitle "playchess.com"]
[Source "ChessBase"]
[SourceQuality "1"]
[TimeControl "5400+30"]

1. e4 {[%emt 0:00:00]} c5 {[%emt 0:03:28]} 2. Nf3 {[%emt 0:00:32]} Nc6 {[%emt 0:00:13]} 3. d4 {[%emt 0:00:05]} cxd4 {[%emt 0:00:06]} 4. Nxd4 {[%emt 0:00:03]} Nf6 {[%emt 0:00:11]} 5. Nc3 {[%emt 0:00:17]} e5 {[%emt 0:00:11]} 6. Ndb5 {[%emt 0:00:17]} d6 {[%emt 0:00:06]} 7. Bg5 {[%emt 0:00:11]} a6 {[%emt 0:00:10]} 8. Na3 {[%emt 0:00:11]} b5 {[%emt 0:00:05]} 9. Nd5 {[%emt 0:00:10]} Be7 {[%emt 0:00:06]} 10. Bxf6 {[%emt 0:00:04]} Bxf6 {[%emt 0:00:05]} 11. c4 {[%emt 0:00:21]} b4 {[%emt 0:00:04]} 12. Nc2 {[%emt 0:00:03]} O-O {[%emt 0:00:06]} 13. g3 {[%emt 0:00:20]} Bg5 {[%emt 0:00:05]} 14. Bg2 {[%emt 0:00:10]} Qa5 {[%emt 0:02:19]} 15. O-O {[%emt 0:00:24]} Qc5 {[%emt 0:01:42]} 16. Kh1 {[%emt 0:00:39]} a5 {[%emt 0:04:19]} 17. f4 {[%emt 0:08:07]} Bh6 {[%emt 0:08:04]} 18. Nce3 {[%emt 0:07:09]} Kh8 {[%emt 0:12:00]} 19. Nf5 {[%emt 0:06:26]} Bxf5 {[%emt 0:02:47]} 20. exf5 {[%emt 0:00:03]} Ra7 {[%emt 0:15:57]} 21. Qh5 {[%emt 0:17:05]} exf4 {[%emt 0:03:00]} 22. gxf4 {[%emt 0:13:01]} Qxc4 {[%emt 0:09:15]} 23. Rac1 {[%emt 0:03:14]} Qb5 {[%emt 0:01:26]} 24. f6 {[%emt 0:00:38]} Nd4 {[%emt 0:01:46]} 25. Rce1 {[%emt 0:06:52]} Re8 {[%emt 0:11:59]} 26. Nb6 {[%emt 0:11:12]} Rb8 {[%emt 0:03:07]} 27. Nd5 {[%emt 0:04:06]} Ne6 {[%emt 0:04:10]} 28. f5 {[%emt 0:02:32]} Nc5 {[%emt 0:03:29]} 29. Re7 {[%emt 0:07:06]} Rxe7 {[%emt 0:06:28]} 30. fxe7 {[%emt 0:00:02]} Qd7 {[%emt 0:03:42]} 31. Re1 {[%emt 0:03:03]} Nd3 {[%emt 0:00:48]} 32. Nf6 {[%emt 0:06:04]} gxf6 {[%emt 0:01:10]} 33. Qxh6 {[%emt 0:00:01]} Nxe1 {[%emt 0:00:10]} 34. Qf8+ {[%emt 0:00:05]} 1-0

[Event "7th Iberoamerican-ch 2019"]
[Site "Linares"]
[Date "2019.08.17"]
[Round "8.37"]
[White "Torres Sanchez, Jose"]
[Black "Garcia Morales, Ivette Ale"]
[Result "1-0"]
[WhiteElo "2304"]
[BlackElo "1988"]
[Annotator "NA"]
[PlyCount "59"]
[EventDate "2019.08.10"]
[EventType "swiss"]
[EventCountry "ESP"]
[SourceTitle "playchess.com"]
[Source "ChessBase"]
[SourceQuality "1"]
[TimeControl "5400+30"]

1. e4 {[%emt 0:00:00]} e6 {[%emt 0:02:27]} 2. f4 {[%emt 0:00:22]} d5 {[%emt 0:00:05]} 3. e5 {[%emt 0:00:14]} c5 {[%emt 0:00:11]} 4. Nf3 {[%emt 0:00:10]} Nc6 {[%emt 0:00:54]} 5. c3 {[%emt 0:00:19]} f6 {[%emt 0:02:54]} 6. d4 {[%emt 0:01:01]} cxd4 {[%emt 0:02:57]} 7. cxd4 {[%emt 0:00:24]} g6 {[%emt 0:02:58]} 8. Nc3 {[%emt 0:00:22]} Nh6 {[%emt 0:04:09]} 9. h4 {[%emt 0:02:52]} Nf5 {[%emt 0:11:12]} 10. g4 {[%emt 0:10:52]} Ng3 {[%emt 0:00:46]} 11. Rh3 {[%emt 0:00:30]} Nxf1 {[%emt 0:00:08]} 12. Kxf1 {[%emt 0:08:29]} Bd7 {[%emt 0:11:39]} 13. h5 {[%emt 0:08:58]} g5 {[%emt 0:08:53]} 14. Kg1 {[%emt 0:12:30]} Qb6 {[%emt 0:25:15]} 15. Na4 {[%emt 0:06:00]} Qc7 {[%emt 0:01:55]} 16. Be3 {[%emt 0:02:21]} gxf4 {[%emt 0:04:37]} 17. Bxf4 {[%emt 0:00:08]} Rg8 {[%emt 0:00:12]} 18. Rg3 {[%emt 0:01:10]} O-O-O {[%emt 0:00:09]} 19. Rc1 {[%emt 0:00:56]} Kb8 20. a3 fxe5 {[%emt 0:05:27]} 21. Nxe5 {[%emt 0:00:51]} Bd6 {[%emt 0:00:06]} 22. Nc5 {[%emt 0:00:54]} Rgf8 {[%emt 0:00:17]} 23. Nxc6+ {[%emt 0:11:30]} Qxc6 {[%emt 0:03:38]} 24. Nxe6 {[%emt 0:03:58]} Qb6 {[%emt 0:00:20]} 25. Rb3 {[%emt 0:00:40]} Bb5 {[%emt 0:02:07]} 26. Rxb5 {[%emt 0:06:35]} Qxb5 {[%emt 0:02:26]} 27. Bxd6+ {[%emt 0:00:13]} Rxd6 {[%emt 0:00:04]} 28. Nxf8 {[%emt 0:00:13]} Qe8 {[%emt 0:01:42]} 29. Qf3 {[%emt 0:00:25]} Rb6 {[%emt 0:02:48]} 30. Nd7+ {[%emt 0:00:45]} 1-0

[Event "7th Iberoamerican-ch 2019"]
[Site "Linares"]
[Date "2019.08.17"]
[Round "8.38"]
[White "Castillo Gallego, Sergio"]
[Black "Alvarez Morales, Miguel"]
[Result "1-0"]
[WhiteElo "2203"]
[BlackElo "1965"]
[Annotator "NA"]
[PlyCount "47"]
[EventDate "2019.08.10"]
[EventType "swiss"]
[EventCountry "ESP"]
[SourceTitle "playchess.com"]
[Source "ChessBase"]
[SourceQuality "1"]
[TimeControl "5400+30"]

1. e4 {[%emt 0:00:00]} c5 {[%emt 0:00:00]} 2. Nf3 {[%emt 0:00:00]} e6 {[%emt 0:00:00]} 3. d4 {[%emt 0:00:15]} cxd4 {[%emt 0:00:00]} 4. Nxd4 {[%emt 0:00:07]} a6 {[%emt 0:00:00]} 5. Nc3 {[%emt 0:00:27]} Qc7 {[%emt 0:00:00]} 6. Qf3 {[%emt 0:00:42]} Nf6 {[%emt 0:00:26]} 7. Bg5 {[%emt 0:01:20]} Be7 {[%emt 0:00:26]} 8. O-O-O {[%emt 0:00:39]} d6 {[%emt 0:00:06]} 9. Be2 {[%emt 0:00:30]} Nbd7 {[%emt 0:00:03]} 10. Rhe1 {[%emt 0:00:20]} b5 {[%emt 0:00:55]} 11. e5 {[%emt 0:00:30]} Bb7 {[%emt 0:02:14]} 12. exf6 {[%emt 0:00:12]} Bxf3 {[%emt 0:01:21]} 13. Bxf3 {[%emt 0:00:06]} gxf6 {[%emt 0:00:14]} 14. Rxe6 {[%emt 0:00:31]} fxe6 {[%emt 0:03:23]} 15. Nxe6 {[%emt 0:00:14]} Ne5 {[%emt 0:02:29]} 16. Nxc7+ {[%emt 0:01:22]} Kd7 {[%emt 0:00:02]} 17. Nxa8 {[%emt 0:01:55]} Nxf3 {[%emt 0:00:01]} 18. Nb6+ {[%emt 0:01:58]} Kc6 {[%emt 0:00:02]} 19. Nbd5 {[%emt 0:02:37]} Bd8 {[%emt 0:00:25]} 20. Bxf6 {[%emt 0:01:06]} Bxf6 {[%emt 0:00:06]} 21. Nxf6 {[%emt 0:00:56]} Ne5 {[%emt 0:00:24]} 22. Nce4 {[%emt 0:00:53]} Nf7 {[%emt 0:00:33]} 23. g4 {[%emt 0:01:11]} h6 {[%emt 0:00:18]} 24. f4 {[%emt 0:00:17] Kd5} 1-0

[Event "7th Iberoamerican-ch 2019"]
[Site "Linares"]
[Date "2019.08.17"]
[Round "8.39"]
[White "Arroyo Rodriguez, Jesus"]
[Black "Riquelme Valero, Manuel Damian"]
[Result "1-0"]
[WhiteElo "2126"]
[BlackElo "2157"]
[Annotator "NA"]
[PlyCount "80"]
[EventDate "2019.08.10"]
[EventType "swiss"]
[EventCountry "ESP"]
[SourceTitle "playchess.com"]
[Source "ChessBase"]
[SourceQuality "1"]
[TimeControl "5400+30"]

1. e4 c6 2. Nc3 d5 {[%emt 0:07:25]} 3. Nf3 {[%emt 0:00:07]} dxe4 {[%emt 0:00:00]} 4. Nxe4 {[%emt 0:04:26]} Nf6 {[%emt 0:00:00]} 5. Qe2 {[%emt 0:00:23]} Nxe4 {[%emt 0:00:00]} 6. Qxe4 {[%emt 0:00:03]} Qd5 {[%emt 0:00:00]} 7. Qf4 {[%emt 0:00:04]} Qf5 {[%emt 0:00:00]} 8. Qe3 {[%emt 0:01:10]} Qxc2 {[%emt 0:00:00]} 9. Bd3 {[%emt 0:00:08]} Qa4 {[%emt 0:00:00]} 10. b3 {[%emt 0:00:08]} Qg4 {[%emt 0:00:00]} 11. O-O {[%emt 0:00:42]} Qe6 {[%emt 0:00:00]} 12. Bc4 {[%emt 0:09:50]} Qxe3 {[%emt 0:00:00]} 13. fxe3 {[%emt 0:00:06]} f6 {[%emt 0:00:00]} 14. a4 {[%emt 0:01:30]} b6 {[%emt 0:09:51]} 15. b4 {[%emt 0:08:15]} a5 {[%emt 0:04:47]} 16. b5 {[%emt 0:01:20]} c5 {[%emt 0:00:30]} 17. d4 {[%emt 0:01:19]} e6 {[%emt 0:02:43]} 18. Kh1 {[%emt 0:02:42]} Bd6 {[%emt 0:02:08]} 19. Ba3 {[%emt 0:04:43]} Ke7 {[%emt 0:03:09]} 20. e4 {[%emt 0:02:13]} cxd4 {[%emt 0:01:02]} 21. e5 {[%emt 0:04:59]} Bxa3 {[%emt 0:00:18]} 22. Rxa3 {[%emt 0:00:21]} f5 {[%emt 0:05:41]} 23. Nxd4 {[%emt 0:00:43]} Rd8 {[%emt 0:00:12]} 24. Rd3 {[%emt 0:02:48]} Ra7 {[%emt 0:00:31]} 25. Rfd1 {[%emt 0:00:51]} Rad7 {[%emt 0:06:41]} 26. Kg1 {[%emt 0:05:04]} Bb7 {[%emt 0:01:58]} 27. Bxe6 {[%emt 0:00:26]} Be4 {[%emt 0:04:59]} 28. Bxd7 {[%emt 0:02:26]} Bxd3 {[%emt 0:01:57]} 29. Nc6+ {[%emt 0:05:47]} Nxc6 {[%emt 0:00:49]} 30. bxc6 {[%emt 0:01:05]} Ba6 {[%emt 0:00:45]} 31. e6 {[%emt 0:02:36]} g5 {[%emt 0:02:15]} 32. Kf2 {[%emt 0:04:19]} Rf8 {[%emt 0:01:18]} 33. c7 {[%emt 0:02:34]} f4 {[%emt 0:01:22]} 34. Rd5 {[%emt 0:05:42]} h6 {[%emt 0:01:40]} 35. h4 {[%emt 0:00:48]} Rg8 {[%emt 0:01:23]} 36. hxg5 {[%emt 0:01:23]} hxg5 {[%emt 0:00:14]} 37. Rf5 {[%emt 0:00:36]} Kd6 {[%emt 0:01:15]} 38. Rf7 {[%emt 0:01:15]} Bc8 {[%emt 0:00:53]} 39. Bxc8 {[%emt 0:02:55]} Rxc8 {[%emt 0:00:09]} 40. e7 {[%emt 0:00:19]} Kd5 1-0

[Event "7th Iberoamerican-ch 2019"]
[Site "Linares"]
[Date "2019.08.17"]
[Round "8.40"]
[White "Gomez Barrera, Javiera Belen"]
[Black "Gil Quilez, Sonia"]
[Result "0-1"]
[WhiteElo "2156"]
[BlackElo "2102"]
[Annotator "NA"]
[PlyCount "124"]
[EventDate "2019.08.10"]
[EventType "swiss"]
[EventCountry "ESP"]
[SourceTitle "playchess.com"]
[Source "ChessBase"]
[SourceQuality "1"]
[TimeControl "5400+30"]

1. e4 e6 2. d4 d5 3. Nc3 Nf6 4. e5 Nfd7 5. Nce2 c5 {[%emt 0:01:37]} 6. f4 {[%emt 0:01:40]} Nc6 {[%emt 0:00:30]} 7. c3 {[%emt 0:00:30]} cxd4 {[%emt 0:00:30]} 8. cxd4 {[%emt 0:00:30]} f6 {[%emt 0:00:30]} 9. Nf3 {[%emt 0:00:30]} Bb4+ {[%emt 0:00:30]} 10. Bd2 {[%emt 0:00:30]} Qb6 {[%emt 0:00:30]} 11. a3 {[%emt 0:00:30]} Bxd2+ {[%emt 0:00:30]} 12. Qxd2 {[%emt 0:00:30]} O-O {[%emt 0:00:30]} 13. b4 {[%emt 0:00:30]} a5 {[%emt 0:00:30]} 14. b5 {[%emt 0:41:33]} Qxb5 {[%emt 0:25:10]} 15. Nc3 {[%emt 0:00:30]} Qb6 {[%emt 0:00:04]} 16. Rb1 {[%emt 0:01:26]} Qd8 {[%emt 0:00:32]} 17. h4 {[%emt 0:07:09]} fxe5 {[%emt 0:07:50]} 18. fxe5 {[%emt 0:03:42]} h6 {[%emt 0:06:01]} 19. Nb5 {[%emt 0:00:30]} Rb8 {[%emt 0:02:47]} 20. Bd3 {[%emt 0:10:17]} Qe8 {[%emt 0:02:51]} 21. h5 {[%emt 0:07:41]} Qf7 22. Rh4 {[%emt 0:10:38]} Kh8 {[%emt 0:11:03]} 23. Nd6 {[%emt 0:08:25]} Qe7 {[%emt 0:00:31]} 24. Rg4 Rxf3 {[%emt 0:12:41]} 25. gxf3 {[%emt 0:02:50]} Ndxe5 {[%emt 0:03:25]} 26. dxe5 {[%emt 0:01:42]} Nxe5 {[%emt 0:01:02]} 27. Nxc8 {[%emt 0:00:30]} Qxa3 {[%emt 0:01:05]} 28. Be2 {[%emt 0:00:52]} Nxg4 {[%emt 0:01:15]} 29. Qc1 {[%emt 0:01:02]} Qxc1+ {[%emt 0:06:03]} 30. Rxc1 {[%emt 0:00:01]} Nf6 {[%emt 0:00:06]} 31. f4 {[%emt 0:00:58]} b5 {[%emt 0:01:40]} 32. Nd6 {[%emt 0:00:30]} b4 {[%emt 0:00:21]} 33. Rb1 {[%emt 0:00:32]} Kg8 {[%emt 0:01:35]} 34. Kd1 {[%emt 0:00:28]} Kf8 {[%emt 0:00:16]} 35. Kc2 {[%emt 0:00:31]} Ke7 {[%emt 0:00:41]} 36. Nb5 Nxh5 37. Na7 {[%emt 0:00:40]} Rb7 {[%emt 0:03:40]} 38. Nc6+ {[%emt 0:00:49]} Kd6 39. Nxa5 {[%emt 0:00:30]} Rc7+ {[%emt 0:01:51]} 40. Kd2 {[%emt 0:00:30]} Nxf4 {[%emt 0:01:15]} 41. Bf1 {[%emt 0:00:32]} Ra7 {[%emt 0:03:32]} 42. Rxb4 {[%emt 0:00:20]} Rxa5 {[%emt 0:00:23]} 43. Rxf4 {[%emt 0:00:02]} g5 {[%emt 0:00:44]} 44. Rf6 {[%emt 0:00:17]} Ra2+ {[%emt 0:00:04]} 45. Ke3 {[%emt 0:00:29]} Rh2 {[%emt 0:00:06]} 46. Kf3 {[%emt 0:00:18]} Ke5 47. Rg6 {[%emt 0:00:15]} Rh4 {[%emt 0:03:35]} 48. Kg3 Rf4 {[%emt 0:00:06]} 49. Be2 {[%emt 0:01:23]} Rf6 {[%emt 0:00:13]} 50. Rxf6 {[%emt 0:01:04]} Kxf6 {[%emt 0:00:02]} 51. Kg4 {[%emt 0:00:07]} Ke5 {[%emt 0:00:14]} 52. Bd1 {[%emt 0:01:13]} Ke4 {[%emt 0:00:26]} 53. Bc2+ {[%emt 0:00:02]} Kd4 {[%emt 0:03:33]} 54. Kh5 {[%emt 0:00:20]} e5 {[%emt 0:00:25]} 55. Bd1 {[%emt 0:00:33]} Ke4 {[%emt 0:00:30]} 56. Kxh6 {[%emt 0:00:58]} Kf4 {[%emt 0:00:05]} 57. Kg6 {[%emt 0:00:36]} g4 {[%emt 0:00:09]} 58. Be2 {[%emt 0:00:31]} g3 {[%emt 0:00:24]} 59. Bf1 {[%emt 0:00:13]} e4 {[%emt 0:00:11]} 60. Bg2 {[%emt 0:00:47]} d4 {[%emt 0:00:05]} 61. Kh5 {[%emt 0:00:23]} d3 62. Bf1 {[%emt 0:00:30]} d2 {[%emt 0:00:32]} 0-1

[Event "7th Iberoamerican-ch 2019"]
[Site "Linares"]
[Date "2019.08.18"]
[Round "9.1"]
[White "Vallejo Pons, Francisco"]
[Black "Albornoz Cabrera, Carlos Daniel"]
[Result "1/2-1/2"]
[WhiteElo "2678"]
[BlackElo "2566"]
[Annotator "TA"]
[PlyCount "85"]
[EventDate "2019.08.10"]
[EventType "swiss"]
[EventCountry "ESP"]
[SourceTitle "playchess.com"]
[Source "ChessBase"]
[SourceQuality "1"]

{[%evp 16,85,14,14,22,22,24,13,19,12,22,12,4,10,41,27,50,35,43,44,47,36,58,50,41,25,58,58,64,51,79,77,69,59,80,56,104,74,77,77,82,81,82,60,71,41,41,34,41,17,49,53,48,0,0,0,50,39,39,0,0,0,40,22,18,14,14,8,12,0,16,13]} 1. e4 c5 2. Nf3 Nc6 3. Bb5 d6 4. O-O Bd7 5. c3 Nf6 6. Re1 a6 7. Bf1 Bg4 8. h3 Bxf3 9. Qxf3 e6 {B51: Sicilian: Moscow Variation (3 Bb5+) without 3...Bd7} 10. Qg3 (10. d3 Be7 11. Nd2 O-O 12. g3 d5 13. Qe2 b5 14. Bg2 Rb8 15. Nf3 Qb6 16. exd5 Nxd5 17. Ng5 Bxg5 18. Bxg5 {½-½ (31) Jones,G (2681)-Bu,X (2731) Astana 2019}) 10... Be7 11. d3 O-O 12. Nd2 b5 13. Nf3 {[#]} Nh5 $146 ({Predecessor:} 13... Re8 14. Bh6 Nh5 15. Qg4 g6 16. Nh2 b4 17. Qf3 {½-½ (40) Bartel,M (2316)-Nevednichy,V (2554) Wunsiedel 2016}) 14. Qh2 d5 15. e5 {[#] And now g4 would win.} f5 16. d4 cxd4 17. Nxd4 Nxd4 18. cxd4 {g4 is the strong threat.} g6 19. Be2 Ng7 20. Qg3 Qb6 21. Rd1 Rac8 22. Qb3 Rc6 23. a4 bxa4 24. Qxa4 Rfc8 25. g3 Qb4 {[#] aiming for ...Qxa4.} 26. Be3 Qxa4 27. Rxa4 Rb8 28. Rc1 Rcb6 29. Rxa6 Rxb2 30. Bf1 g5 31. Rc7 R2b7 32. Rcc6 Kf7 33. Be2 Bd8 34. Rd6 Be7 35. Rdc6 Bd8 $1 36. Bf3 h6 37. Rd6 Be7 38. Rdc6 Bd8 39. Kh2 Rb6 {The position is equal.} 40. Ra7+ R8b7 41. Rxb7+ Rxb7 42. Rd6 Ke7 43. Ra6 {Accuracy: White = 48%, Black = 60%.} 1/2-1/2